| 000 | 00682nam a22002057a 4500 | ||
|---|---|---|---|
| 005 | 20150511124756.0 | ||
| 010 | _aENG-112644 | ||
| 020 |
_c799.00 _a9788170949060 |
||
| 020 |
_c799.00 _a8170949068 |
||
| 035 | _aEN-96176 | ||
| 037 | _bDBAD/PUB | ||
| 082 | _a330.954 | ||
| 100 | _aArun Kumar | ||
| 245 | 0 | 0 |
_aIndian economy since independence : _cby Arun Kumar _bpersisting colonial disruption / |
| 260 |
_aNew Delhi _bVision Books _c2015 |
||
| 270 |
_a24 Feroze Gandhi Road, Lajpat Nagar 3 _bNew Delhi _e110024 |
||
| 300 |
_axxiv,792p. _c23cm(pbk) |
||
| 500 | _a Includes bibliographical references (pages 742-760) and index. | ||
| 942 |
_2ddc _cEN _mARU _h330.954 |
||
| 999 |
_c92891 _d92891 |
||